| 000 | 01048naa a22002777a 4500 | ||
|---|---|---|---|
| 001 | BR8006766 | ||
| 003 | BR-BrBNA | ||
| 005 | 20240918174708.0 | ||
| 007 | ta | ||
| 008 | 230509b bl.||||| |||| 00| 0 por d | ||
| 040 |
_aBR-BrBNA _bpor _cBiblioteca Nacional de Agricultura |
||
| 041 | _a(Pt) | ||
| 072 |
_aP05 _b/G514 |
||
| 090 | _aP05 BR8006766 | ||
| 100 | 1 | _aPiedade Junior, C. | |
| 100 | 1 | _aFreire, W.J. | |
| 100 | 1 | _aLeopoldo, P.R. | |
| 111 | 1 |
_a10. Congresso Brasileiro de Engenharia Agricola _cCampinas, SP (Brazil) _d13 Jul 1980 |
|
| 245 | 1 | _aEnsaios mecanicos de emendas de cabos de aluminio simples [Recurso energetico; Brasil] | |
| 260 | 3 |
_aCampinas, SP (Brasil): _c1980. |
|
| 500 | _aAnais do 10. Congresso Brasileiro de Engenharia Agricola Campinas, SP (Brasil): 1980. p. 350-355 (BR8006766-AM)P05 | ||
| 650 | _aENERGIA ELETRICA | ||
| 773 | 0 |
_tAnais do 10. Congresso Brasileiro de Engenharia Agricola _wP05 BR8006766 _gCampinas, SP (Brasil), 1980. p. 350-355 |
|
| 909 |
_a202404 _bLucia _c55 _dLucia Elande |
||
| 942 |
_cAM _2AGRIS |
||
| 999 |
_c312938 _d312938 |
||